Logo

Description automatically generated
विद्यार्जन
 संसाधन केंद्र, भारतीय प्रौद्योगिकी संस्थान इन्दौर
Learning Resource Center, Indian Institute of Technology Indore

ऑनलाइन सार्वजनिक अभिगम प्रसूची
Online Public Access Catalogue (OPAC)

The subtle art of intraday trading: a handbook on how to bank on trading psychology, options strategies and make a living out of Indian Stock Market even as beginners (Record no. 57276)

MARC details
000 -LEADER
fixed length control field 00707nam a2200205Ia 4500
005 - DATE AND TIME OF LATEST TRANSACTION
control field 20260629163254.0
008 - FIXED-LENGTH DATA ELEMENTS--GENERAL INFORMATION
fixed length control field 260629s9999||||xx |||||||||||||| ||und||
020 ## - INTERNATIONAL STANDARD BOOK NUMBER
International Standard Book Number 9781685867119
Qualifying information pbk
082 ## - DEWEY DECIMAL CLASSIFICATION NUMBER
Classification number 332.6322
Item number SHA
100 ## - MAIN ENTRY--PERSONAL NAME
Personal name Shantharaj, Indrazith
245 #4 - TITLE STATEMENT
Title The subtle art of intraday trading: a handbook on how to bank on trading psychology, options strategies and make a living out of Indian Stock Market even as beginners
260 ## - PUBLICATION, DISTRIBUTION, ETC.
Place of publication, distribution, etc. Chennai
Name of publisher, distributor, etc. Notion Press M edia
Date of publication, distribution, etc. 2021
300 ## - PHYSICAL DESCRIPTION
Extent 164p. ; 23cm.
653 ## - INDEX TERM--UNCONTROLLED
Uncontrolled term Day trading (Securities)
653 ## - INDEX TERM--UNCONTROLLED
Uncontrolled term Investment analysis
653 ## - INDEX TERM--UNCONTROLLED
Uncontrolled term Investor psychology
653 ## - INDEX TERM--UNCONTROLLED
Uncontrolled term Stock exchanges—India
653 ## - INDEX TERM--UNCONTROLLED
Uncontrolled term Stock trading
942 ## - ADDED ENTRY ELEMENTS (KOHA)
Koha item type Book
Holdings
Withdrawn status Lost status Damaged status Not for loan Home library Current library Shelving location Date acquired Source of acquisition Total Checkouts Full call number Barcode Date last seen Price effective from Koha item type
        LRC, IIT Indore LRC, IIT Indore 3rd Floor - General Stack 29/06/2026 Gratis Book Price: INR 399.00   332.6322 SHA G2501 29/06/2026 29/06/2026 Book
Copyright © 2017-2026 Indian Institute of Technology Indore. All Rights Reserved.
Managed & maintained by Learning Resource Center, IIT Indore